Declaración sobre los derechos humanos de los individuos que no son nacionales del país en que viven. Resolución 40 44, de 13 de diciembre de 1985
Guardado en:
| Format: | Texto |
|---|---|
| Fag: | |
| Tags: |
Tilføj Tag
Ingen Tags, Vær først til at tagge denne postø!
|
MARC
| LEADER | 00000 a a2200000 04500 | ||
|---|---|---|---|
| 001 | 2335 | ||
| 003 | |||
| 040 | |||
| 245 | |a Declaración sobre los derechos humanos de los individuos que no son nacionales del país en que viven. Resolución 40 44, de 13 de diciembre de 1985 | ||
| 650 | |a DOCUMENTOS | ||
| 650 | |a POLITICA | ||
| 650 | |a DERECHOS HUMANOS | ||
| 650 | |a MIGRACION | ||
| 650 | |a POLITICA | ||
| 773 | |g volumen 17, número 1. DOCUM; páginas 1-7 | ||
| 999 | |c 38000 |d 38000 | ||
